L’année 2013 - Statistiques

Statistiques générales
  • Ce quiz a été pris 59 fois
  • Le résultat moyen est 12 sur 28
Statistiques - réponses
Hint Réponse % Correct
Quel ancien président sud-africain est mort cette année ? Nelson Mandela
85%
Quel coureur cycliste a avoué s’être dopé notamment lors des Tours de France qu’il avait gagné de 1999 à 2005 ? Lance Armstrong
81%
Dans quelle ville américaine a eu lieu un double attentat visant un marathon ? Boston
71%
Quel pape annonce sa renonciation ? Le pape François se faire élire alors le 13 mars 2013 Benoît XVI
63%
Quelle ville française devient capitale européenne de la culture avec la ville de Košice en Slovaquie durant l’année 2013 ? Marseille
63%
Quel pays est entré dans l’Union Européenne en 2013 ? Croatie
62%
Dans quel pays, le gouvernement Samarás décide de fermer Radiodiffusion Télévision Hellénique sans l’avis du Parlement ? Grèce
62%
Comment s’appelle le premier enfant du prince William et de Kate Middleton né le 22 juillet 2013 ? George
58%
Sur quel aliment de la marque Findus a-t-on retrouvé de la viande de cheval provoquant un scandale en France en 2013 ? Lasagne
54%
Comment s’appelle la ministre de la Justice qui a défendu le projet de loi pour le mariage pour tous en France ? Christiane Taubira
52%
Quel président du Venezuela est mort en 2013 ? Hugo Chávez
46%
De quel planète a-t-on découvert son plus petit satellite grâce au télescope Hubble le 15 juillet 2013 ? Neptune
44%
Comment s’appelle le nouveau président chinois ? Xi Jinping
44%
Dans quel pays a eu lieu une première mondiale d’une implantation d’un cœur artificiel dans un patient âgé de 76 ans ? France
42%
Dans quel pays y’a t’il eu un effondrement du Rana Plaza, un immeuble qui abritait des ateliers pour vêtement ? Bangladesh
40%
Dans quel pays le président Mohamed Morsi a été renversé en 2013 par l’armée ? Égypte
40%
Comment s’appelait le challenge qui consistait à danser de manière loufoque souvent vêtu de costumes ? Harlem Shake
40%
Avec quel pays, la France a eu une polémique suite à l’arrestation d’une ressortissante française Florence Cassez ? Mexique
40%
Quel réalisateur américain a été le président du Jury du Festival de Cannes en 2013 ? Steven Spielberg
35%
Comment s’appelle le lanceur d’alerte qui révèle des activités de la NSA publiées dans “The Guardian” ? Edward Snowden
23%
Dans quel pays, le chef d’État François Bozizé fuit les rebelles et Michel Djotodia se proclame président ? République Centrafricaine
21%
À quelle date se déroule la fête nationale belge, où en 2013 le roi Albert II a abdiqué en faveur de son fils Philippe ? 21 juillet
19%
Comment s’appelle l’opération militaire française au Mali contre les armées islamistes à partir du 11 janvier 2013 ? Opération Serval
19%
Comment s’appelle la reine des Pays-Bas qui a abdiqué en faveur de son fils Willem-Alexander ? Beatrix
17%
Dans quelle ville française a eu lieu le premier mariage homosexuel ? Montpellier
12%
Dans quel pays le centre commercial Westgate a été victime d’une attaqué terroriste tuant 68 personnes ? Kenya
10%
Dans quel pays, la prise en otage de Denis Allex, agent de la DGSE, a t’elle eu lieu ? Somalie
8%
Comment s’appelle le typhon qui a traversé notamment les Philippines, la Chine ou le Vietnam et a tué 10 000 personnes ? Typhon Haiyan
2%
Aucun quiz correspondant
Distribution des résultats
% des personnes avec chaque résultat
Percentile par nombre de réponses
Votre historique - résultats
Vous n’avez pas pris ce quiz